Effective management of non-conventional business units

Efektívne riadenie nekonvenčných obchodných jednotiek so zameraním na metódy merania výkonu podnikateľských aktivít - ako príklad športový klub. Analýza úrovne efektívnosti obchodných jednotiek. Prínos manažmentu a zainteresovaných strán k dosiahnutiu príslušnej úrovne výstupnej efektívnosti.

Gespeichert in:
Bibliographische Detailangaben
1. Verfasser: Adamek, Gabriel
Weitere Verfasser: Wallner, Jozef
Format: Buchkapitel
Sprache:Englisch
Schlagworte:
Tags: Tag hinzufügen
Keine Tags, Fügen Sie das erste Tag hinzu!

MARC

LEADER 00000nla a2200000 4500
001 0238038
005 20240502073841.6
041 0 |a eng 
044 |a SK 
245 1 0 |a Effective management of non-conventional business units  |c Gabriel Adamek, Jozef Wallner 
520 |a Efektívne riadenie nekonvenčných obchodných jednotiek so zameraním na metódy merania výkonu podnikateľských aktivít - ako príklad športový klub. Analýza úrovne efektívnosti obchodných jednotiek. Prínos manažmentu a zainteresovaných strán k dosiahnutiu príslušnej úrovne výstupnej efektívnosti. 
610 2 0 |a jednotka hospodárska 
610 2 0 |a efektívnosť ekonomická 
610 2 0 |a metódy ekonometrické 
610 2 0 |a metódy výskumu 
610 2 0 |a organizácie nevládne 
610 2 0 |a manažment 
100 1 |a Adamek, Gabriel 
700 1 |a Wallner, Jozef